Guess The Retired Soccer Players - Statistics

General Stats
  • This quiz has been taken 97 times
  • The average score is 10 of 11
Answer Stats
Picture Answer % Correct
Pelé
97%
Cruyff
95%
Maradona
94%
Zlatan
93%
Xavi
92%
Beckham
91%
Eusébio
90%
Best
84%
Puskás
83%
Park
74%
Yashin
63%
No matching quizzes found
Score Distribution
Percent of People with Each Score
Percentile by Number Answered
Your Score History
You have not taken this quiz